Quick Pick: HBO TV Shows Quiz Stats

 Plays Quiz Updated Nov 20, 2017

Challenge
Share
Tweet
Embed
Score 0/12 Timer 01:00
0 Plays Today
% Correct
Sex
98.2%
Game
98.1%
Feet
97.9%
Valley
97.3%
True
97.2%
Band
97%
Agency
94.3%
Bored
94.2%
Crypt
93.7%
Detective
93.7%
Flight
92.7%
Down
92.5%

Today's Daily Dose

You're not logged in!

Compare scores with friends on all Sporcle quizzes.
OR
Log In

You Might Also Like...

Show Comments

Extras

Top Quizzes Today


Score Distribution

Your Account Isn't Verified!

In order to create a playlist on Sporcle, you need to verify the email address you used during registration. Go to your Sporcle Settings to finish the process.

Report this User

Report this user for behavior that violates our Community Guidelines.

Details: